000 00544nam a22001697a 4500
008 161006b xxu||||| |||| 00| 0 eng d
020 _a0398088040
050 _aKABU
_bKABU
100 _aRadocy, Rudolf E.
245 _aPsychological foundations of musical behavior
_cby Rudolf E. Radocy and J. David Boyle
250 _a5th ed.
260 _aUSA
_bCharles C Thomas
_c2012
300 _axiv, 505 p.
650 _2Music
_xPsychological aspects
700 _aBoyle, J. David
942 _2lcc
_cBK
_hML3830 .R33 2012 C.1
999 _c16162
_d16162